LEADER 02169nam 2200541 450 001 9910480016603321 005 20170918221357.0 010 $a1-4704-0791-4 035 $a(CKB)3360000000464360 035 $a(EBL)3113563 035 $a(SSID)ssj0000973401 035 $a(PQKBManifestationID)11537976 035 $a(PQKBTitleCode)TC0000973401 035 $a(PQKBWorkID)10960118 035 $a(PQKB)11422763 035 $a(MiAaPQ)EBC3113563 035 $a(PPN)195410599 035 $a(EXLCZ)993360000000464360 100 $a20760709h19761976 uy| 0 101 0 $aeng 135 $aur|n|---||||| 181 $ctxt 182 $cc 183 $acr 200 10$aNonoscillation, disconjugacy, and integral inequalities /$fShmuel Friedland 210 1$aProvidence :$cAmerican Mathematical Society,$d[1976] 210 4$dİ1976 215 $a1 online resource (87 p.) 225 1 $aMemoirs of the American Mathematical Society ;$vvolume 7, number 176 (September 1976) 300 $aDescription based upon print version of record. 311 $a0-8218-2176-8 320 $aIncludes bibliographical references. 327 $a""Table of Contents""; ""1. Introduction""; ""2. Finite dimensional normed spaces""; ""3. The best nonoscillation constant for real systems""; ""4. Nonoscillation criteria for complex systems""; ""5. The Euler-Lagrange equations""; ""6. Two dimensional cases""; ""7. The constant c[sub(p1,p2)](n) and C[sub(p1,p2)](n)""; ""8. Disconjugacy of real differential equations""; ""9. Multipoint boundary value problems for nonlinear systems""; ""References"" 410 0$aMemoirs of the American Mathematical Society ;$vnumber 176. 606 $aDifferential equations, Linear 606 $aIntegral inequalities 608 $aElectronic books. 615 0$aDifferential equations, Linear. 615 0$aIntegral inequalities. 676 $a515/.35 700 $aFriedland$b Shmuel$f1944-$0972697 801 0$bMiAaPQ 801 1$bMiAaPQ 801 2$bMiAaPQ 906 $aBOOK 912 $a9910480016603321 996 $aNonoscillation, disconjugacy, and integral inequalities$92212697 997 $aUNINA LEADER 01228nam0 22003011i 450 001 UON00226138 005 20231205103437.626 100 $a20030730d1984 |0itac50 ba 101 $aita$aFRE 102 $aIT 105 $a|||| ||||| 200 1 $aApollinaire e l'Avanguardia$fa cura di P.A. Jannini 210 $aRoma$cBulzoni ; Paris$cNizet$d1984. 426 p. ; 21 cm. 410 1$1001UON00174534$12001 $aQuaderni del Novecento francese$1210 $aRoma$cBulzoni ; Paris$cNizet.$v1 606 $aAPOLLINAIRE GUILLAUME$3UONC043161$2FI 606 $aAVANGUARDIA (Letteratura)$3UONC047822$2FI 620 $aIT$dRoma$3UONL000004 620 $aFR$dParis$3UONL002984 676 $a842.91$cLetteratura drammatica francese. Studio critico$v21 702 1$aJANNINI$bPasquale Aniel$3UONV136930 712 $aBulzoni$3UONV265597$4650 712 $aNizet$3UONV266165$4650 801 $aIT$bSOL$c20240220$gRICA 899 $aSIBA - SISTEMA BIBLIOTECARIO DI ATENEO$2UONSI 912 $aUON00226138 950 $aSIBA - SISTEMA BIBLIOTECARIO DI ATENEO$dSI Francese 58 Q.N.F 01 $eSI LO 26515 5 01 996 $aApollinaire e l'avanguardia$91017040 997 $aUNIOR